Equipos toty 2009-2024 - Estadísticas

Estadísticas generales
  • Esta prueba ha sido intentada 55 veces
  • La puntuación promedio es 106 de 176
Estadísticas de respuestas
Hint Respuesta % Correcto
2009 | 2010 | 2011 | +9 others Cristiano Ronaldo
100%
2009 | 2010 | 2011 | +12 others Messi
100%
2009 | 2010 | 2011 | +3 others Xavi
97%
2010 | 2011 | 2012 | +5 others Iniesta
94%
2019 Sergio Ramos
91%
2009 | 2011 | 2012 | 2013 Casillas
88%
2010 casillas
88%
2014 | 2015 | 2016 | +2 others Neuer
88%
2016 Neymar
88%
2015 | 2017 Kroos
82%
2011 | 2013 Piqué
82%
2012 | 2017 Pique
82%
2016 | 2017 | 2018 | +2 others Modric
79%
2009 | 2011 | 2012 | +7 others Ramos
79%
2019 | 2021 | 2022 Mbappé
76%
2020 | 2023 | 2024 Mbappe
76%
2013 | 2016 | 2017 | +2 others Marcelo
71%
2010 | 2012 | 2013 | +4 others Dani Alves
68%
2009 Puyol
68%
2023 Benzema
65%
2019 | 2020 | 2021 | 2024 Van Dijk
62%
2023 Van dijk
62%
2018 | 2019 | 2020 | +2 others De Bruyne
56%
2022 | 2023 De bruyne
56%
2021 | 2022 Lewandowski
53%
2017 Suárez
53%
2023 Courtois
47%
2024 Rodri
44%
2015 Robben
41%
2020 | 2024 Alisson
38%
2023 | 2024 Bellingham
38%
2014 | 2015 Lahm
38%
2014 Ribery
38%
2014 | 2015 | 2016 Thiago Silva
38%
2011 Villa
38%
2020 Mané
35%
2016 Pogba
35%
2021 Kimmich
32%
2019 Varane
32%
2018 Bonucci
29%
2015 Di maría
29%
2024 Halland
29%
2018 Kane
29%
2020 | 2021 Alexander-Arnold
26%
2014 Ibrahimovic
26%
2018 | 2019 | 2020 | 2022 Kanté
26%
2015 David Luiz
24%
2021 Davies
21%
2023 Militao
21%
2020 Robertson
21%
2022 Ruben Dias
21%
2022 Cancelo
18%
2022 Donnarumma
18%
2009 | 2010 Fernando Torres
18%
2022 hakimi
18%
2023 Hakimi
18%
2012 Rooney
18%
2023 | 2024 Theo Hernández
18%
2018 | 2019 De Gea
15%
2013 Falcao
15%
2024 Frimpong
15%
2009 | 2010 Gerrard
15%
2009 Kaká
15%
2011 Sneijder
15%
2012 Xavi alonso
15%
2013 Xavi Alonso
15%
2020 De Jong
12%
2020 De Ligt
12%
2009 | 2010 Terry
12%
2021 Bruno Fernandes
9%
2022 Jorginho
9%
2011 Maicon
9%
2022 Marquinhos
9%
2024 Ruben Dias
9%
2010 Evra
6%
2009 Ferdinand
3%
2010 | 2012 Vidic
3%
2011 Lúcio
0%
No se encontraron pruebas coincidentes
Distribución de puntuación
Porcentaje de gente con cada puntuación
Porcentaje por número respondido
Historial de tus puntuaciones
No has intentado esta prueba.